Компания ДЭП; Промышленные АСУ и контроллеры; № 4

Xehetasun bibliografikoak
Parent link:Промышленные АСУ и контроллеры: ежемесячный научно-технический производственный журнал.— , 2002-
№ 4.— 2003.— С. 15
Hizkuntza:errusiera
Argitaratua: 2003
Saila:Новости системостроения
Gaiak:
Formatua: MixedMaterials Liburu kapitulua
KOHA link:https://koha.lib.tpu.ru/cgi-bin/koha/opac-detail.pl?biblionumber=385956

MARC

LEADER 00000naa2a2200000 4500
001 385956
005 20231101063420.0
035 |a (RuTPU)RU\TPU\prd\14198 
090 |a 385956 
100 |a 20030523a2003 k y0rusy50 ca 
101 0 |a rus 
102 |a RU 
200 1 |a Компания ДЭП 
225 1 |a Новости системостроения 
461 1 |0 (RuTPU)RU\TPU\prd\2287  |t Промышленные АСУ и контроллеры  |o ежемесячный научно-технический производственный журнал  |d 2002- 
463 1 |0 (RuTPU)RU\TPU\prd\13775  |t № 4  |v С. 15  |d 2003 
610 1 |a компании 
610 1 |a модемы 
610 1 |a комплексы 
801 1 |a RU  |b 63413507  |c 20030523  |g PSBO 
942 |c BK